01215nam a22002894a 4500001000400000003000800004005001700012008004100029020001800070040003100088041000800119082001600127100002800143245011800171250001100289260004100300300003400341490002700375520032500402650004200727650002800769650001800797650003400815655002500849655002600874700002500900529BR-RjBN20260528133855.0170101s2017 sp j 000 f por d a9788595200487 bporaBR-IBIAcBR-IBIAerda1 apor a028.5bO51j1 aOlmedo, Jessica,d1994-10aJesus :bo maior de todos os heróis /cJessica Olmedo ; ilustração Jessica Olmedo ; revisão Beatriz Hune. a1. ed. aSão Paulo :bPé da Letra,c2017. a12 p. :bil. color. ;c30 cm.1 aClássicos bíblicos aLivro infantil que apresenta Jesus como o maior herói da humanidade, destacando seu amor, sacrifício e missão de salvar as pessoas. Com linguagem simples e ilustrações coloridas, a obra busca transmitir valores cristãos e aproximar as crianças das histórias bíblicas de maneira educativa e acessível. 0aLiteratura infantojuvenil brasileira. 0aHistórias bíblicas. 0aJesus Cristo. 0aLiteratura cristã infantil. 0aLiteratura infantil. 0aFicção religiosa.1 aHune, Beatriz,erev.